Faith is journey : exploring liminality and Uraban sacred spaces in the context of the jacobite syrian Church (Record no. 8548)

000 -LEADER
fixed length control field 00593nam a22001697a 4500
008 - FIXED-LENGTH DATA ELEMENTS--GENERAL INFORMATION
fixed length control field 201202b ||||| |||| 00| 0 eng d
040 ## - CATALOGING SOURCE
Original cataloging agency BMS College of Architecture
100 ## - MAIN ENTRY--PERSONAL NAME
Personal name Ashok, Neha
245 ## - TITLE STATEMENT
Title Faith is journey : exploring liminality and Uraban sacred spaces in the context of the jacobite syrian Church
300 ## - PHYSICAL DESCRIPTION
Extent iv,40p.
500 ## - GENERAL NOTE
General note 1BM13AT047
502 ## - DISSERTATION NOTE
Degree type B,Arch
Name of granting institution BMS College of Architecture, Visvesvaraya Technological University (VTU)
Dissertation note project report
Year degree granted 2017
650 ## - SUBJECT ADDED ENTRY--TOPICAL TERM
Topical term or geographic name as entry element Urban Sacred
700 ## - ADDED ENTRY--PERSONAL NAME
Personal name Shanu Raina
Relator term Guide
700 ## - ADDED ENTRY--PERSONAL NAME
Personal name Praveen Alva
942 ## - ADDED ENTRY ELEMENTS (KOHA)
Source of classification or shelving scheme
Koha item type UG-Thesis and Dissertations
Holdings
Withdrawn status Lost status Source of classification or shelving scheme Damaged status Not for loan Permanent Location Current Location Date acquired Barcode Date last seen Koha item type
          BMS College of Architecture, Design and Planning BMS College of Architecture, Design and Planning 2020-12-02 AR-UGP248 2020-12-02 UG-Thesis and Dissertations
Copyright © 2025, The Librarian, Library and Information Centre, BMSCA D&P, Bengaluru. All Rights Reserved
web counter

Powered by Koha